MDQL
is popping MORE tags! Check the
thread
!
Quizzes
Events
Quiz Creation
Community
Videos
Private Events
Remove Ads
Sign In
Join for FREE
Feedback
Dark Mode
Quiz Categories
Sports
Geography
Music
Movies
Television
Just For Fun
Miscellaneous
History
Literature
Language
Science
Gaming
Entertainment
Religion
Holiday
For Kids
Quiz Lab
Recent
Popular Today
Quiz Kudos Today
Editor Picks
Curator Picks
Quizzes by...
Day
Popularity
Type
Ratings
Length
Year
Community
Subscriptions
Recent Discussions
Orange Saloon
Badges
Playlists
Quests
Create
Leaderboards
Showdown
Live 5
Trivia Bingo
Activity
Puzzle Library
Sporcle Events
Private Events
Virtual Trivia
Globe League
Become a Host
Pub Owners
SporcleCon
Opinionation
Our Games
Videos
Blog
Mobile Apps
Partnerships
Remove Ads and Go Orange
Feedback
Television
TV Characters
TV Show
Sitcom
Network
Friends
Reality Shows
Cast
South Park
Star Trek
The Simpsons
Doctor Who
Television
TV Characters
TV Show
Sitcom
Network
Friends
Reality Shows
Cast
South Park
Star Trek
The Simpsons
Doctor Who
Random Quiz
Search Sporcle
×
Quiz Lab
Quiz Lab
Television
TV Show
Type in answers that appear in a list
Type in answers that appear in a list
Classic
Best Score? Go Orange.
The Ultimate House M.D. Quiz Stats
Can you name the answers to the following House M.D. questions?
By
Pedro188
10m
60 Questions
2,021 Plays
2,021 Plays
2,021 Plays
Comments
Comments
Give Quiz Kudos
Give Quiz Kudos
-
- Ratings
hide this ad
Forced Order
Answers have to be entered in order
Answers have to be entered in order
Replay
Link that replays current quiz
Next Quiz
Link to next quiz in quiz playlist
You Got
0%
They Got
Avg Score
38%
Avg Friend Score
Upgrade to see
Score Distribution
Jump to the score distribution portion of the page
Score
0/60
Timer
10:00
0
Plays Today
Question
Answer
% Correct
House is addicted to which medicinal drug?
Vicodin
96.6%
Which hospital department is James Wilson the head of?
Oncology
80.7%
What condition does Dr. Remy Hadley suffer from?
Huntington's Chorea
79.8%
Who is responsible for the death of African dictator Dibala in the episode 'The Tyrant'?
Dr. Robert Chase
76%
The character of Gregory House is said to parallel which fictional detective?
Sherlock Holmes
67.2%
Lisa Cuddy is a practicing member of which faith?
Judaism
67%
What was Chris Taub's previous profession before joining House's team?
Plastic Surgeon
65.3%
Who portrays the role of D. Remy '13' Hadley?
Olivia Wilde
62.6%
What hospital department is House the head of?
Diagnostic Medicine
62%
In which year did House originally air?
2004
59.5%
Which of House's possessions does Wilson 'Kidnap' in order to get him to interview new fellows?
His Guitar
58.2%
What is the name of House's notable ex-
girlfriend?
Stacey Warner
57.5%
What is the occupation of recurring character Lucas Douglas?
Private Investigator
56.3%
What is the first name of Lisa Cuddy's adopted baby?
Rachel
55.1%
Where was Dr. Hadley while absent during season 7?
In Prison
52.9%
What is the name of the hospital the programme is centred around?
Princeton-Plainsboro Teaching Hospital
52.9%
Amber Tamblyn plays which recurring medical student during season 7?
Martha M. Masters
51.2%
Where have the patients traveled from to be seen by House in the episode 'Human Error'?
Cuba
50.4%
What is Eric Foreman's specialist medical field?
Neurology
49.6%
After his resignation at the end of season 3, Eric Foreman establishes a diagnostic department at which hospital?
New York Mercy Hospital
48.5%
What is the name of the actor who portrays the role of Dr. Lawrence Kutner?
Kal Penn
45.7%
Which actor plays doctor James Wilson?
Robert Sean Leonard
45.4%
What is the name of House's rat?
Steve McQueen
42.3%
Which Rolling Stones song features at the end of the pilot episode?
'You Can't Always Get What You Want'
42.2%
Who is the creator of House M.D.?
David Shore
42%
David Morse plays which police office, humiliated by House in the clinic, in season 3?
Detective Michael Tritter
41.4%
Who is the final person eliminated as House chooses a new team in season 4?
Amber Volaskis
41.2%
Who is the billionaire pharmaceutical-
company-
owner who donates $100 million to the hospital?
Edward Vogler
40.8%
The problems surrounding House's leg are revealed in which first season episode?
'Three Stories'
40.6%
Dr. Lisa Cuddy's day is the main subject of which season 6 episode?
'5 to 9'
37.5%
Question
Answer
% Correct
Which instrument is given to House as a thank you from jazz musician John Henry Giles?
A Trumpet
37.4%
Which condition finally presents itself in a magician in the episode 'You Don't Want To Know'?
Lupus
37.1%
Dr. Jeffrey Cole is a practicing member of which Christian denomination?
Mormonism
35.2%
House M.D. originally aired on which U.S. telvision network?
FOX
35.2%
Which treatment does House receive at the beginning of season 3 which temporarily allows him to regain his ability to walk?
Ketamine Treatment
34.9%
House induces what in himself to prove Dr. Philip Webber's new medicine does not work?
A Migraine
30.4%
The treating of a 'too nice' patient in the episode 'No More Mr. Nice Guy' leads the team to believe that House has which disease?
Syphilis
30%
What is the name of James Wilson's first wife?
Dr. Sam Carr
28.9%
What song is used as the theme tune to the programme?
Teardrop (by Massive Attack)
25.9%
Which song House and Cuddy perform during the season 7 episode 'Bombshells'?
'Get Happy'
25.4%
House checks-
in to which specialist hospital at the end of season 5?
Mayfield Psychiatric Hospital
24.9%
What is the alternative title of the pilot episode?
'Everybody Lies'
22.2%
Which movie does House jokingly say is responsible for him becoming a doctor?
'Patch Adams'
21.2%
What is House's mobile phone ringtone when Wilson calls him?
'Dancing Queen' by ABBA
20.5%
What is the first name of Eric Foreman's convict brother?
Marcus
20.4%
Dr. Robert Chase is a specialist in which medical area?
Intensive Care
20.4%
Which episode depicts a patient taking House and several others hostage in a desperate attempt to find out what is wrong with him?
'Last Resort'
18.8%
Which country are House and Cuddy returning from in the episode 'Airborne' when they come across an air passenger suffering from decompression sickness?
Singapore
18.3%
Which type of cancer did Allison Cameron's first husband suffer with?
Thyroid Cancer
17.6%
What is the name of House's favourite soap-
opera?...
'Prescription: Passion'
16.9%
In which episode is the viewer first informed of the death of Chase's father?
'The Mistake'
16.8%
Jennifer Crystal Foley plays which recurring character?
Rachel Taub
16.7%
What is the first name of House's mother?
Blythe
15.9%
Which episode features the final appearance of Dr. Allison Cameron?
'Lockdown'
14.1%
...And the character of Evan Greer portrays which role in this soap opera?
Dr. Brock Sterling
13.8%
What is the first name of Wilson's brother who suffers from schizophrenia?
Danny
12.9%
In the season 2 episode 'Half-
Wit', House performs which song on the piano, which is repeated by his pianist patient?
'I Dont Like Mondays' by The Boomtown Rats
10%
In which episode does Lawrence Kutner commit suicide?
'Simple Explanation'
10%
Which season 4 fellowship applicant was given the nicknames 'Scooter', 'Ridiculously Old Fraud' and 'Bosley'?
Henry Dobson
8.3%
What type drink does House prefer while playing cards?
Energy Drinks
6.5%
Quiz Playlist
Details
Report
Send in Message
Add To Playlist
Classic:
Type in answers that appear in a list
Forced Order:
Answers have to be entered in order
Last Updated: Feb 16, 2017
Quiz Scoreboard
CHALLENGE
Sign Up to Join the Scoreboard
Show All
Scores
Hide
Comments
May contain spoilers
Recently Published
Street Fighter Characters
by Artimus82
Gaming
60s
9x9 Crossword: Cartoon Network
by jackfrog10
Miscellaneous
3m
College Basketball Coaching Resumes
by pancakes188
Sports
9m
More to Explore
Quiz From the Vault
Featured Blog Post
Where Did the Easter Bunny Come From?
hide this ad
You Might Also Like...
Tags
TV Show Quiz
doctor
Drama
house
Medical
ultimate
Today's Top Quizzes in Television
Browse Television
hide this ad
Today's Top Quizzes in TV Show
Browse TV Show
Top Contributed Quizzes in Television
1
5-to-1: The Simpsons Families
2
Adjectives in 80s TV Shows
3
Adjectives in 00s TV Shows
4
Survivor Journey Challenge
5
5-to-1: Television Doctors
6
7-to-1: TV Show Settings
7
Adjectives in 10s TV Shows
8
5-to-1: Streaming Originals
9
Survivor Seasons
10
Adjectives in 70s TV Shows
Explore More
Trending Topics
Crossword
Harry Potter
Marvel
NBA
Kpop
Disney
Anime
Song
The Office
NFL
Pokémon
Puzzle
WWE
Soccer
Country
hide this ad
More By:
Pedro188
Quiz
Plays
Rating
Category
Featured
Created
US States by Phonetic Name
126,661
4.38
Geography
Jun 4, 2011
Gimme Five: Actors And Actresses
107,273
4.12
Movies
Jul 2, 2011
Five Song Frenzy
76,688
4.12
Music
Jun 10, 2011
Gimme Five: Actors And Actresses II
66,156
4.28
Movies
Jul 2, 2011
US State Capitals by Phonetic Name
57,966
4.58
Geography
Jun 28, 2011
Go to Creator's Profile
Score Distribution
Quiz Creator Spotlight
Pedro188
Follow
Send a Message
Quizzes Created
-
Created Quiz Play Count
-
More By This Creator
Popular Quizzes Today
1
Find the US States - No Outlines Minefield
2
Find the Countries of Europe - No Outlines Minefield
3
The Countries of the World
4
Find the US States
5
Risky Map Clicking: Biggest States A-Z
6
US States
7
Popular People in 1961
8
Movies - When Are They Set?
More Television Quizzes
House of the Dragon Sorting Gallery
Quiz Lab
Trending Quizzes
Risky Map Clicking: Least Populous States A-Z
Countries of the World: 200 Million BC
Billboard Blitz: Aretha Franklin
1-10 Letter G Words
Famous Russians: Author or Composer?
Recently Updated
Leaping Animals
pecheneg
Reality TV Shows (A-Z)
bhenderson79
Rickey Henderson's Hall of Fame Teammates
pecheneg
Champions League XIs: Arsenal
pecheneg
Quick Pick: Celebrities in WWE's Hall of Fame
aduchscher
A-Z Keypad Blitz II
pecheneg
Multiple Oscar Actors
pecheneg
Mystery Phrase Blitz: Oscar 'Best Actors'
pecheneg
F. Scott Fitzgerald Novels
LTH
Pick 3 Villains
ddd62291
Trending Topics
Harry Potter
Kpop
NBA
Disney
Marvel
Anime
Crossword
WWE
NFL
Puzzle
The Office
Soccer
Country
Song
Pokémon
Your Account Isn't Verified!
In order to create a playlist on Sporcle, you need to verify the email address you used during registration. Go to your
Sporcle Settings
to finish the process.
Report this User
Report this user for behavior that violates our
Community Guidelines
.
Details:
Send Report
Go to the Sporcle.com Mobile Site →
Comments